000 00356nam a22001577a 4500
003 SGT
020 _a9781032890630
082 _a616.0757
_bC24W
100 _aWHITLEY A. STEWART
245 _aCLARK'S POCKET HB. FOR RADIOGRAPHERS
250 _a3RD
260 _aINDIA
_bCRC PRESS PUB
_c2024
300 _a276
650 _aRADIOLOGY
942 _2ddc
_cBK
999 _c33435
_d33435